| 000 | 01387nam a2200325 4500 | ||
|---|---|---|---|
| 003 | EG-GICUC | ||
| 005 | 20260121101101.0 | ||
| 008 | 251028s1999 ua ||||fr|||| 000 0 ARA d | ||
| 040 |
_a EG-GICUC _bara _c EG-GICUC _d EG-GICUC _erda |
||
| 041 | 0 | _aara | |
| 082 | 0 | 4 |
_221 _a343.33 _bع ل . أ |
| 092 | 0 | 4 | _221 |
| 099 | _aLaw1 10 343.33 ع ل . أ 1999 | ||
| 100 | 0 |
_aعلي محمود علي حمودة _eمؤلف. |
|
| 245 | 1 | 2 |
_aالأصول المنطقية لفهم الواقع و القانون في الدعوي الجنائية / _cللدكتور علي محمود علي حموده. |
| 264 | 1 |
_aحلوان : _bجامعة حلوان، _c1999. |
|
| 300 |
_a189 صفحة : _bصفحات غير مرقمة ؛ _c24 سم. |
||
| 336 |
_2rda content _atext |
||
| 337 |
_2rda media _aComputer |
||
| 338 |
_2rda carrier _aOnline Resource |
||
| 500 | _aمنشور بمجلة حقوق حلوان للدراسات القانونية و الأقتصاد العدد الأول : يناير يونيه 1999 | ||
| 504 | _aببليوجرافيا صفحات : 183 : 167 | ||
| 504 | _aيشتمل على إرجاعات ببليوجرافية. | ||
| 546 | _aالنص باللغة العربية | ||
| 650 | 1 |
_aالدعوى الجنائية _2qrmak |
|
| 651 | 1 | _2qrmak | |
| 856 | 4 | 0 | _uhttps://fll.law.cu.edu.eg/fulltext/bks/B10-05606.pdf |
| 905 | _aOmar | ||
| 942 |
_2ddc _cBK _e21 _n0 |
||
| 999 |
_c38382 _d38382 |
||